[Event "Reinstorf op"]
[Site "Reinstorf"]
[Date "2022.01.30"]
[Round "2"]
[White "Wagener, Martin"]
[Black "Pohle, Saskia"]
[Result "1-0"]
[WhiteElo "1455"]
[BlackElo "1824"]
[PlyCount "71"]
[EventDate "2022.01.29"]
[EventType "swiss"]
[EventRounds "9"]
[EventCountry "GER"]
[SourceTitle "CBM 206 Extra"]
[Source "ChessBase"]
[SourceDate "2022.03.31"]
[SourceVersion "1"]
[SourceVersionDate "2022.03.31"]
[SourceQuality "1"]

1. e4 e5 2. Nf3 Nc6 3. d4 exd4 4. Nxd4 Bc5 5. Be3 Qf6 6. c3 Nge7 7. Be2 0-0 8. 0-0 d5 9. Nxc6 Qxc6 10. exd5 Nxd5 11. Bxc5 Qxc5 12. Nd2 Nf4 13. Ne4 Nxe2+ 14. Qxe2 Qc6 15. Ng3 Be6 16. Qc2 Rad8 17. b3 b5 18. b4 Rd7 19. Rad1 Rfd8 20. Rxd7 Qxd7 21. Ne4 Bf5 22. Re1 Qd5 23. f3 h6 24. Kf2 a5 25. a3 c5 26. Re2 axb4 27. axb4 cxb4 28. cxb4 Qd4+ 29. Kg3 Rd6 30. Rd2 Rg6+ 31. Kf4 Qxb4 32. Kxf5 Qe7 33. Kf4 Qh4+ 34. g4 h5 35. Rg2 Re6 36. Qc8+ 1-0